000 00554nam a2200169Ia 4500
008 090201s9999 xx 000 0 und d
010 _aKPL-70915
040 _bमराठी
041 _aमराठी
082 _a49693
_b70915
100 _aसच्चिदानंद शेवडे
245 _aअघोरवाडा
_cसच्चिदानंद शेवडे
260 _c2006
_bपारस पब्लिकेशन्स्
300 _a176
_bमध्यम
600 _aअघोरवाडा
942 _cBOOK
999 _c246249
_d246249